|
|
|
|
| LEADER |
01616nam a22004212i 4500 |
| 001 |
001533146 |
| 003 |
CZ BrMZK |
| 005 |
20170406144404.0 |
| 007 |
ta |
| 008 |
160630s1986 xr a erc||||||||||cze d |
| 015 |
|
|
|a cnb000017917
|
| 040 |
|
|
|a BOA001
|b cze
|e rda
|
| 043 |
|
|
|a e-xr---
|
| 045 |
|
|
|a x-x-
|
| 072 |
|
7 |
|a 72/76
|x Výtvarné umění
|2 Konspekt
|9 21
|
| 080 |
|
|
|a 74/76.05
|2 MRF
|
| 080 |
|
|
|a 7.036/.038
|2 MRF
|
| 080 |
|
|
|a (437.3)
|2 MRF
|
| 080 |
|
|
|a (083.824)
|2 MRF
|
| 100 |
1 |
|
|a Kremláček, Josef,
|d 1937-2015
|7 jn19990209425
|4 art
|
| 245 |
1 |
0 |
|a Josef Kremláček :
|b ilustrace : Kabinet umění n. p. Kniha, Brno, 15.5.-6.6.1986 /
|c Josef Kremláček ; text a redakce Zdeněk Čubrda
|
| 246 |
3 |
0 |
|a ilustrace : Kabinet umění n. p. Kniha, Brno, 15.5.-6.6.1986
|
| 264 |
|
1 |
|a Brno :
|b Svaz českých výtvarných umělců,
|c 1986
|
| 300 |
|
|
|a 1 složený list :
|b ilustrace
|
| 336 |
|
|
|a text
|b txt
|2 rdacontent
|
| 337 |
|
|
|a bez média
|b n
|2 rdamedia
|
| 338 |
|
|
|a svazek
|b nc
|2 rdacarrier
|
| 600 |
1 |
7 |
|a Kremláček, Josef,
|d 1937-2015
|7 jn19990209425
|
| 648 |
|
7 |
|a 20. století
|7 ch460558
|
| 650 |
0 |
7 |
|a ilustrace
|7 ph114755
|z Česko
|y 20. století
|2 czenas
|
| 650 |
0 |
7 |
|a moderní umění
|7 ph115340
|z Česko
|2 czenas
|
| 655 |
|
7 |
|a katalogy výstav
|7 fd132536
|2 czenas
|
| 700 |
1 |
|
|a Čubrda, Zdeněk,
|d 1949-
|7 jo20010084890
|4 edt
|4 wfw
|
| 910 |
|
|
|a BOA001
|b X-0906.929
|
| 990 |
|
|
|a BK
|
| 991 |
|
|
|b 201605
|
| 996 |
6 |
|
|b 2619168324
|c X-0906.929
|l MZK
|r Sklad / do 24 hodin
|n 1
|w 001568078
|u 000020
|a 1
|e BOA001
|j MZK50
|s P
|
| 996 |
7 |
|
|b 2619168325
|c X-0906.929
|l MZK
|r Sklad / do 24 hodin
|n 3
|w 001568078
|u 000010
|a 1
|e BOA001
|j MZK50
|s A
|